000 00313nam a22001457a 4500
008 210308b ||||| |||| 00| 0 eng d
020 _a0070081662
041 _aeng
080 _210th
_a51
082 _a51
100 _a36
101 _aMAT
245 _aBussiness Mathematics
_cPeterson, P
942 _2udc
_cBK
999 _c55976
_d55976